| 000 | 00545nam a2200169Ia 4500 | ||
|---|---|---|---|
| 008 | 090711s9999 xx 000 0 und d | ||
| 082 | _b3675 | ||
| 100 | _aटिळक लक्ष्मीबाई | ||
| 245 | _aभरली घागर | ||
| 260 |
_bकेशव भिकाजी ढवळे _c1951 |
||
| 300 | _a148 | ||
| 600 | _aटिळक लक्ष्मीबाई | ||
| 630 | _aभरली घागर | ||
| 700 | _aटिळक लक्ष्मीबाई | ||
| 730 | _aभरली घागर | ||
| 942 | _cBOOK | ||
| 999 |
_c288851 _d288851 |
||